| 000 | 00706 a2200253 4500 | ||
|---|---|---|---|
| 999 |
_c18179 _d4883 |
||
| 001 | 18179 | ||
| 003 | TR-AnTOB | ||
| 005 | 20190802141057.0 | ||
| 008 | 041102s2004 tu tur | ||
| 020 | _a9756565632 | ||
| 040 |
_aTR-AnTOB _cTR-AnTOB |
||
| 041 | _atur | ||
| 050 |
_aDC148 _b.A88 2004 |
||
| 090 | _aDC148 .A88 2004 | ||
| 100 |
_aAster, Ernest Von _910159 |
||
| 245 | 0 |
_aFransız ihtilalinin siyasi ve sosyal fikirleri / _cErnest Von Aster ; yay. haz. Şennur Şenel. |
|
| 264 | 1 |
_aAnkara : _bPhoenix Yayınevi, _c2004 |
|
| 300 |
_avii, 250 p. ; _c23 cm |
||
| 500 | _aIncludes index. | ||
| 651 | 7 |
_aFransa _xTarih _yDevrim, 1789-1799 _2etuturkob _938497 |
|
| 902 | _a0008977 | ||
| 942 |
_cBK _2lcc |
||